000 00607cam a2200193 4500
001 ABS62125
008 000000n2000 000 0 eng u
035 _a(Sirsi) u105167
100 _aPollock, J.
245 _aHanging on the telephone
260 _c2000
490 _aProperty Week
_v65(13) 31 March 2000, 64(1)
520 _aConsiders the implications for the property industry of the increasing numbers of mobile telephone masts which are needed.
590 _aABS
650 _aMOBILE PHONE MASTS
650 _aHEALTH AND SAFETY
_96244
690 _aTRANSPORT AND COMMUNICATIONS
942 _n0
999 _c63067
_d63067